| 000 | 00802cam a22002533a 4500 | ||
|---|---|---|---|
| 001 | 16810 | ||
| 003 | PGUSA | ||
| 005 | 20140828083346.0 | ||
| 008 | 051007s2005||||xxu|||||s|||||000 | eng d | ||
| 040 |
_aPGUSA _beng |
||
| 042 | _adc | ||
| 050 | 4 | _aE151 | |
| 100 | 1 |
_aFortune, Timothy Thomas, _d1856-1928 |
|
| 245 | 1 | 0 |
_aBlack and White : _bLand, Labor, and Politics in the South _h[electronic resource] / _cTimothy Thomas Fortune |
| 260 |
_bProject Gutenberg, _c2005 |
||
| 506 | _aPublic domain in the USA. | ||
| 516 | _aElectronic text | ||
| 653 | _aUnited States -- Race relations | ||
| 653 | _aAfrican Americans -- Southern States | ||
| 653 | _aSouthern States -- Economic conditions | ||
| 830 | 0 |
_aProject Gutenberg _v16810 |
|
| 856 | 4 | 0 | _uhttp://www.gutenberg.org/ebooks/16810 |
| 942 | _cEB | ||
| 999 |
_c246065 _d246065 |
||